MARC

LEADER 00000nam0a2200000 4500
001 309059
005 20231102002143.0
020 |a RU  |b 81-45720 
035 |a (RuTPU)RU\TPU\book\334381 
090 |a 309059 
100 |a 20151110d1981 km y0rusy5003 ca 
101 0 |a rus 
102 |a RU 
105 |a a z 001zy 
200 1 |a Физическое и математическое моделирование механизмов нефтегазоотдачи  |e сборник статей  |f Академия наук СССР (АН СССР), Институт геологии и разработки горючих ископаемых (ИГиРГИ) ; под ред. Ю. П. Желтова 
210 |a Москва  |c Наука  |d 1981 
215 |a 98 с.  |c ил. 
320 |a Библиогр. в конце ст. 
606 1 |a Нефтяные пласты  |x Нефтеотдача  |x Математические исследования  |x Моделирование  |x Физико-химические основы  |x Расчет на вычислительных машинах  |2 stltpush  |3 (RuTPU)RU\TPU\subj\45992  |9 65180 
610 0 |a моделирование 
610 1 |a газовые пласты 
610 1 |a газоотдача 
610 1 |a физическое моделирование 
610 1 |a математическое моделирование 
610 1 |a осложненные условия 
610 1 |a многофазные системы 
610 1 |a фильтрация 
610 1 |a высоковязкая нефть 
610 1 |a глинизированные коллекторы 
610 1 |a загустители 
610 1 |a термовоздействие 
675 |a 622.276.344  |z rus  |v 3 
702 1 |a Желтов  |b Ю. П.  |g Юрий Петрович  |4 340 
712 0 2 |a Академия наук СССР (АН СССР)  |b Институт геологии и разработки горючих ископаемых (ИГиРГИ)  |c (Москва)  |c (1958-????)  |2 stltpush  |3 (RuTPU)RU\TPU\col\13483 
801 0 |a RU  |b RuMRKP  |c 19950704  |g psbo 
801 1 |a RU  |b 63413507  |c 20151110 
801 2 |a RU  |b 63413507  |c 20190725  |g RCR 
942 |c BK